| 000 | 00949cab a2200265 4500 | ||
|---|---|---|---|
| 001 | ABS56859 | ||
| 008 | 090401t1997 xxu||||| |||| 00| 0 eng d | ||
| 035 | _a(Sirsi) u78049 | ||
| 041 | _aeng | ||
| 100 | _aSydenham, A. | ||
| 245 | _aTied cottages: lettings to farm workers | ||
| 260 | _c1997 | ||
| 350 | _a0 | ||
| 490 |
_aFarm Tax Brief _v12(4) April 1997, 31-32(2) |
||
| 520 | _aOutlines changes to lettings to farm workers. New lettings to farm workers on or after 28 February 1997 may be either assured agricultural occupancies, assured tenancies or assured shorthold tenancies. | ||
| 650 | _aPROPERTY-LANDLORD AND TENANT-TENANCIES-AGRICULTURAL TENANCIES | ||
| 650 | _aASSURED AGRICULTURAL OCCUPANCIES | ||
| 650 | _aASSURED SHORTHOLD TENANCIES | ||
| 650 | _aASSURED TENANCIES | ||
| 650 | _aFARM WORKERS | ||
| 650 | _aTIED COTTAGES | ||
| 690 | _aLANDLORD AND TENANT-AGRICULTURAL TENANCIES | ||
| 942 | _n0 | ||
| 948 | _c29/04/1997 | ||
| 999 |
_c49103 _d49103 |
||